| 000 | 00988cam a22002534a 4500 | ||
|---|---|---|---|
| 003 | OSt | ||
| 005 | 20260205150621.0 | ||
| 008 | 051102s2006 pauab b 001 0 eng | ||
| 020 |
_a1592134092 _qcloth : alk. paper |
||
| 020 |
_a1592134106 _qpbk. : alk. paper |
||
| 020 |
_a9781592134106 _c(pbk. : alk. paper) |
||
| 040 |
_aKABLIB _cKABLIB _beng _erda |
||
| 082 | 0 | 0 |
_a331.609 _223 _bJOB |
| 245 | 0 | 0 |
_aJobs and economic development in minority communities / _cedited by Paul Ong and Anastasia Loukaitou-Sideris. |
| 260 |
_aPhiladelphia, PA : _bTemple University Press, _c2006. |
||
| 300 |
_avi, 314 p. : _bill. , ; _c23 cm. |
||
| 504 | _aIncludes bibliographical references and index. | ||
| 650 | 0 |
_aCommunity development, Urban _zUnited States. _915407 |
|
| 650 | 0 |
_aMinorities _zUnited States _xEconomic conditions. _915425 |
|
| 650 | 0 |
_aMinorities _xEmployment _zUnited States. _915426 |
|
| 700 | 1 |
_aOng, Paul M. _915427 |
|
| 700 | 1 |
_aLoukaitou-Sideris, Anastasia, _915428 |
|
| 942 |
_2ddc _cBOOK |
||
| 999 |
_c6078 _d6078 |
||